000 00231 a2200097 4500
001 34738
100 _aVarghere A
245 _aWomen Administration in Education
260 _aNew Delhi
_bVikas Publishing
_c
090 _c23019
_d23019
942 _aNUST-CAE
_cM
_c14469
999 _c269811
_d269811